América Latina en el comercio internacional de servicios /
Habla sobre la situación del comercio internacional en materia de servicios con respecto a la metodología empleada para alcanzar el desarrollo del sector mencionado, según la proporción de los mismos en el PIB. Se destaca que el atraso creciente podría aumentar la dependencia del centro y afectar, c...
Đã lưu trong:
| Tác giả chính: | |
|---|---|
| Định dạng: | Texto |
| Những chủ đề: | |
| Các nhãn: |
Thêm thẻ
Không có thẻ, Là người đầu tiên thẻ bản ghi này!
|
MARC
| LEADER | 00000 a a2200000 04500 | ||
|---|---|---|---|
| 001 | 684 | ||
| 003 | |||
| 040 | |||
| 100 | |a Zóitsev, Nikolái | ||
| 245 | |a América Latina en el comercio internacional de servicios / |c Nikolái Zóitsev | ||
| 520 | |a Habla sobre la situación del comercio internacional en materia de servicios con respecto a la metodología empleada para alcanzar el desarrollo del sector mencionado, según la proporción de los mismos en el PIB. Se destaca que el atraso creciente podría aumentar la dependencia del centro y afectar, consecuentemente, la regulación multilateral del mercado de servicios. OB/EL | ||
| 650 | |a COMERCIO INTERNACIONAL | ||
| 650 | |a EMPRESAS TRANSNACIONALES | ||
| 650 | |a FMI | ||
| 650 | |a ONU | ||
| 650 | |a PAISES EN DESARROLLO | ||
| 650 | |a EXPORTACIONES | ||
| 650 | |a IMPORTACIONES | ||
| 650 | |a PAISES DESARROLLADOS | ||
| 650 | |a PRODUCTO INTERNO BRUTO | ||
| 650 | |a EXPORTACIONES | ||
| 650 | |a IMPORTACIONES | ||
| 650 | |a COMERCIO INTERNACIONAL | ||
| 773 | |g número 9; páginas 18-29 | ||
| 999 | |c 31891 |d 31891 | ||
